History Quiz

Random History Quiz

Age of Absolutism Who Am I? Quiz Stats

 Plays Quiz not verified by Sporcle

Challenge
Share
Tweet
Embed
Score 0/27 Timer 10:00
0 Plays Today
Who Am I? Name % Correct
Who said 'I am the state?'Louis XIV
88.9%
Who built the Palace of Versailles?Louis XIV
88.9%
Who replaced the culture of the Renaissance with his country's culture?Louis XIV
88.9%
Who was the 'Sun King?'Louis XIV
88.9%
What king was tried by his people and put to death?Charles I
80.3%
Who was the first Stuart monarch?James I
76.1%
What religious group instituted strict rules in the Commonwealth?Puritans
70.1%
What was the name of the group that opposed the king during the English Civil War?Roundheads
69.2%
Whose nickname was 'bloody?'Mary
68.4%
Who issued the Edict of Nantes?Henry IV
67.5%
What monarch said: 'Paris is well worth a mass?'Henry IV
67.5%
Whose reign was nicknamed: The Restoration?Charles II
66.7%
Who was the 'Virgin Queen?'Elizabeth
66.7%
Who was the Lord Protector of England?Oliver Cromwell
65%
Who Am I? Name % Correct
What was the name of the group that supported Charles I during the English Civil War?Cavaliers
64.1%
What king preceded William and Mary?James II
63.2%
What religious group was in conflict with the Catholics in France?Huguenots
61.5%
Who was the head of the Anglican Church?Henry VIII
59%
Who was the adviser to Louis XIII?Cardinal Richelieu
51.3%
What was the name given to the Parliament that sat for close to 20 years?Long Parliament
51.3%
Who signed the English Bill of Rights?William and Mary
49.6%
What was the name given to the Parliament that was slimmed down by the Puritans?Rump Parliament
41%
Who was Louis XIV's chief financial adviser?Colbert
38.5%
What was the name of the group that supported the right of James II to be the king of England?Tories
37.6%
What was the name of the group that supported Parliament following the death of Charles II?Whigs
37.6%
What was the name of the army that Oliver Cromwell led against Charles I?New Model Army
32.5%
What group believed that all people should be able to choose their members of Parliament?Levellers
25.6%

You're not logged in!

Compare scores with friends on all Sporcle quizzes.
Join for Free
OR
Log In

You Might Also Like...

Show Comments

Extras

Created Nov 17, 2011ReportNominate
Tags:age

Top Quizzes Today


Score Distribution

Your Account Isn't Verified!

In order to create a playlist on Sporcle, you need to verify the email address you used during registration. Go to your Sporcle Settings to finish the process.

Report this User

Report this user for behavior that violates our Community Guidelines.

Details: